'L' Movies - Statistics

General Stats
  • This quiz has been taken 80 times
  • The average score is 10 of 16
Answer Stats
Picture Answer % Correct
The Lion King
100%
The LEGO Movie
97%
La La Land
88%
Lilo & Stitch
88%
The Lorax
85%
Lady and the Tramp
82%
Life of Pi
81%
Lawrence of Arabia
70%
Lethal Weapon
60%
Logan
59%
Love Actually
49%
The Lost Boys
36%
Les Misérables
32%
Live and Let Die
29%
Last Action Hero
23%
Looper
11%
No matching quizzes found
Score Distribution
Percent of People with Each Score
Percentile by Number Answered
Your Score History
You have not taken this quiz